[Event "AUT-ch Vor3 Internet"]
[Site "Playchess.com INT"]
[Date "2020.04.17"]
[Round "8"]
[White "Kipman, Felix"]
[Black "Haemmerle, Dietmar"]
[Result "1-0"]
[WhiteElo "1576"]
[BlackElo "1762"]
[PlyCount "97"]
[EventDate "2020.04.17"]
[EventType "swiss (blitz)"]
[EventRounds "9"]
[EventCountry "AUT"]
[SourceTitle "CBM 195 Extra"]
[Source "ChessBase"]
[SourceDate "2020.05.31"]
[SourceVersion "1"]
[SourceVersionDate "2020.05.31"]
[SourceQuality "1"]

1. e4 e6 2. d4 d5 3. exd5 exd5 4. Nc3 Nf6 5. Bf4 Be7 6. Nf3 c6 7. Bd3 0-0 8. 0-0 h6 9. Ne5 Nbd7 10. Qf3 Nxe5 11. dxe5 Ne8 12. Bxh6 Bg5 13. Bxg5 Qxg5 14. Rae1 Bg4 15. Qg3 Qh5 16. e6 fxe6 17. Re5 Qh6 18. Qxg4 Nf6 19. Qxe6+ Kh8 20. Re3 Rae8 21. Qh3 Rxe3 22. Qxe3 Qh5 23. Be2 Qg6 24. Qh3+ Kg8 25. Bd3 Ne4 26. Nxe4 dxe4 27. Bc4+ Rf7 28. Bxf7+ Kxf7 29. Rd1 Qf6 30. Rd7+ Kg6 31. Qg4+ Kh6 32. Qh3+ Kg5 33. Qg3+ Kh6 34. Rd6 Qxd6 35. Qxd6+ Kg5 36. Qe5+ Kh6 37. Qxe4 g6 38. Qe6 Kg5 39. g4 a6 40. Kg2 Kh6 41. Kg3 Kg7 42. h4 a5 43. g5 a4 44. Qf6+ Kh7 45. Qf7+ Kh8 46. h5 gxh5 47. g6 h4+ 48. Kxh4 a3 49. Qh7# 1-0

[Event "AUT-ch Vor2 Internet"]
[Site "Playchess.com INT"]
[Date "2020.04.13"]
[Round "2"]
[White "Kipman, Felix"]
[Black "Goelles, Herbert"]
[Result "0-1"]
[WhiteElo "1576"]
[BlackElo "1705"]
[PlyCount "48"]
[EventDate "2020.04.13"]
[EventType "swiss (blitz)"]
[EventRounds "9"]
[EventCountry "AUT"]
[SourceTitle "CBM 195 Extra"]
[Source "ChessBase"]
[SourceDate "2020.05.31"]
[SourceVersion "1"]
[SourceVersionDate "2020.05.31"]
[SourceQuality "1"]

1. e4 g6 2. d4 Bg7 3. Nf3 d6 4. Nc3 Nf6 5. Be2 0-0 6. 0-0 c6 7. Be3 Qc7 8. Qd2 e5 9. d5 c5 10. Bh6 Bg4 11. h3 Bxf3 12. Bxf3 Nbd7 13. Bxg7 Kxg7 14. g4 h6 15. g5 hxg5 16. Qxg5 Rh8 17. Kh2 a6 18. Rg1 Rh6 19. Rg2 Rah8 20. Bg4 Nxg4+ 21. Qxg4 Nf6 22. Qg3 Qd7 23. h4 Rxh4+ 24. Kg1 Rh1# 0-1

[Event "AUT-ch Vor2 Internet"]
[Site "Playchess.com INT"]
[Date "2020.04.13"]
[Round "6"]
[White "Kipman, Felix"]
[Black "Kessler, Manuel"]
[Result "0-1"]
[WhiteElo "1576"]
[BlackElo "1731"]
[PlyCount "40"]
[EventDate "2020.04.13"]
[EventType "swiss (blitz)"]
[EventRounds "9"]
[EventCountry "AUT"]
[SourceTitle "CBM 195 Extra"]
[Source "ChessBase"]
[SourceDate "2020.05.31"]
[SourceVersion "1"]
[SourceVersionDate "2020.05.31"]
[SourceQuality "1"]

1. e4 c5 2. Nc3 e6 3. f4 Nc6 4. Nf3 d5 5. Bb5 d4 6. Bxc6+ bxc6 7. Na4 Nf6 8. d3 Qa5+ 9. Bd2 Qxa4 10. Ne5 Be7 11. 0-0 0-0 12. Rf3 Rb8 13. b3 Qa6 14. Rg3 Nd7 15. Qg4 g6 16. Nxd7 Bxd7 17. f5 exf5 18. exf5 Bd6 19. Rf3 Rfe8 20. f6 Bxg4 0-1

[Event "AUT-ch Vor2 Internet"]
[Site "Playchess.com INT"]
[Date "2020.04.13"]
[Round "9"]
[White "Kipman, Felix"]
[Black "Pasteiner, Gernot"]
[Result "0-1"]
[WhiteElo "1576"]
[BlackElo "1632"]
[PlyCount "118"]
[EventDate "2020.04.13"]
[EventType "swiss (blitz)"]
[EventRounds "9"]
[EventCountry "AUT"]
[SourceTitle "CBM 195 Extra"]
[Source "ChessBase"]
[SourceDate "2020.05.31"]
[SourceVersion "1"]
[SourceVersionDate "2020.05.31"]
[SourceQuality "1"]

1. e4 d5 2. exd5 Qxd5 3. Nc3 Qa5 4. d4 Nf6 5. Bd2 c6 6. Bc4 Bg4 7. Nf3 e6 8. h3 Bh5 9. g4 Bg6 10. Ne5 Nbd7 11. Nd5 Qd8 12. Nxf6+ Nxf6 13. Bg5 Be7 14. Qf3 Be4 15. Qf4 Bxh1 16. f3 Bg2 17. h4 h6 18. Bxf6 Bxf6 19. g5 Bxe5 20. dxe5 Qc7 21. h5 0-0-0 22. g6 Rhf8 23. Rd1 Rxd1+ 24. Kxd1 Qd7+ 25. Kc1 Bh3 26. Qh4 Bf5 27. f4 Qc7 28. Qf2 Qb6 29. Qd2 Qg1+ 30. Qd1 Qxd1+ 31. Kxd1 Rd8+ 32. Kc1 Rd7 33. gxf7 Rxf7 34. Kd2 Be4 35. Ke3 Bd5 36. Bd3 Kd7 37. Bg6 Rf8 38. b3 Ke7 39. c4 Bg2 40. Kf2 Bh3 41. Kg3 Bf5 42. Kf3 Bxg6 43. hxg6 Rd8 44. Ke3 c5 45. a3 Rd1 46. b4 cxb4 47. axb4 Kd7 48. b5 Kc7 49. c5 a6 50. b6+ Kc6 51. Ke4 Kxc5 52. f5 Rd4+ 53. Ke3 exf5 54. e6 Re4+ 55. Kf3 Rxe6 56. Kf4 Rxg6 57. Kxf5 Rf6+ 58. Ke5 a5 59. Ke4 Rd6 0-1

[Event "AUT-ch Vor1 Internet"]
[Site "Playchess.com INT"]
[Date "2020.04.11"]
[Round "8"]
[White "Huliak, Peter"]
[Black "Kipman, Felix"]
[Result "1-0"]
[WhiteElo "1958"]
[BlackElo "1576"]
[PlyCount "51"]
[EventDate "2020.04.11"]
[EventType "swiss (blitz)"]
[EventRounds "9"]
[EventCountry "AUT"]
[SourceTitle "CBM 195 Extra"]
[Source "ChessBase"]
[SourceDate "2020.05.31"]
[SourceVersion "1"]
[SourceVersionDate "2020.05.31"]
[SourceQuality "1"]

1. e4 c6 2. Nc3 d5 3. d4 Nf6 4. exd5 cxd5 5. Nf3 Nc6 6. Bd3 e6 7. 0-0 Bd6 8. Ne2 e5 9. dxe5 Nxe5 10. Nf4 0-0 11. h3 Qb6 12. b3 h6 13. Bb2 Nxd3 14. Nxd3 Bf5 15. Re1 Rfe8 16. Bxf6 gxf6 17. Qd2 Kh7 18. Nf4 Be6 19. Nxd5 Bxd5 20. Qxd5 Qd8 21. Qxf7+ Kh8 22. Nh4 Rg8 23. Ng6+ Rxg6 24. Qxg6 Qf8 25. Rad1 Bb4 26. Re6 1-0

[Event "AUT-ch Vor1 Internet"]
[Site "Playchess.com INT"]
[Date "2020.04.11"]
[Round "4"]
[White "Kipman, Felix"]
[Black "Nyenstad, Martin"]
[Result "1-0"]
[WhiteElo "1576"]
[BlackElo "800"]
[PlyCount "63"]
[EventDate "2020.04.11"]
[EventType "swiss (blitz)"]
[EventRounds "9"]
[EventCountry "AUT"]
[SourceTitle "CBM 195 Extra"]
[Source "ChessBase"]
[SourceDate "2020.05.31"]
[SourceVersion "1"]
[SourceVersionDate "2020.05.31"]
[SourceQuality "1"]

1. e4 e5 2. Nf3 Nc6 3. Bc4 Nf6 4. d3 Bc5 5. c3 0-0 6. Bg5 h6 7. Bh4 Na5 8. Nxe5 Nxc4 9. Nxc4 g5 10. Bg3 Ng4 11. Qxg4 Qf6 12. 0-0 d6 13. Qh5 Qg6 14. Qf3 Be6 15. Nbd2 d5 16. exd5 Bd7 17. Qe4 Bf5 18. Qe5 Rae8 19. Qxc7 Bxd3 20. Rfe1 f5 21. h3 f4 22. Bh2 f3 23. Qxc5 fxg2 24. d6 Qf6 25. Qd5+ Qf7 26. Qxf7+ Rxf7 27. Rxe8+ Rf8 28. d7 Bg6 29. Rae1 Bxe8 30. Rxe8 Rxe8 31. dxe8Q+ Kg7 32. Be5+ 1-0

[Event "AUT-ch U18"]
[Site "Sankt Veit an der Glan"]
[Date "2019.04.14"]
[Round "1"]
[White "Kreutzmann, Duke"]
[Black "Kipman, Felix"]
[Result "1/2-1/2"]
[WhiteElo "1983"]
[BlackElo "1629"]
[PlyCount "118"]
[EventDate "2019.04.14"]
[EventType "swiss"]
[EventRounds "7"]
[EventCountry "AUT"]
[SourceTitle "CBM 190 Extra"]
[Source "ChessBase"]
[SourceDate "2019.07.15"]
[SourceVersion "1"]
[SourceVersionDate "2019.07.15"]
[SourceQuality "1"]

1. d4 d5 2. Bf4 c5 3. e3 Nc6 4. c3 e6 5. Nd2 Nf6 6. Ngf3 Bd6 7. Bg3 0-0 8. Bd3 Re8 9. Ne5 Bxe5 10. dxe5 Nd7 11. Nf3 c4 12. Bc2 b5 13. h4 h6 14. a3 Bb7 15. Bf4 a5 16. Rh3 b4 17. Rg3 Kf8 18. Ng5 hxg5 19. Bxg5 f6 20. Bxf6 Nxf6 21. exf6 Ne5 22. fxg7+ Ke7 23. Qh5 Kd6 24. f4 Nc6 25. axb4 axb4 26. Rxa8 Qxa8 27. Qxe8 Qxe8 28. g8Q Qe7 29. Qg5 Qf8 30. Qg7 Qa8 31. cxb4 Nxb4 32. Qe5+ Kc5 33. Qd4+ Kd6 34. Qb6+ Nc6 35. Rg7 Qh8 36. Bh7 Qxg7 37. g4 Qxh7 38. h5 Qb1+ 39. Kf2 Qc2+ 40. Kg3 e5 41. fxe5+ Kxe5 42. Qxb7 Qe2 43. Qc7+ Ke4 44. Qf4+ Kd3 45. h6 Qxb2 46. h7 Qg7 47. Qf5+ Kxe3 48. Qf3+ Kd4 49. Qf2+ Kd3 50. Qf3+ Kd4 51. Qf2+ Kd3 52. Qf1+ Ke4 53. Qe1+ Kd3 54. Qd1+ Ke4 55. Qe2+ Kd4 56. Qf2+ Kd3 57. Qf1+ Ke4 58. Qe2+ Kd4 59. Qf2+ Kd3 1/2-1/2

[Event "AUT-ch U14"]
[Site "Woerth"]
[Date "2015.05.23"]
[Round "1.9"]
[White "Postlmayer, Jakob"]
[Black "Kipman, Felix"]
[Result "1-0"]
[WhiteElo "1805"]
[BlackElo "1309"]
[PlyCount "49"]
[EventDate "2015.05.23"]
[EventType "swiss"]
[EventRounds "7"]
[EventCountry "AUT"]
[SourceTitle "EXT 2024"]
[Source "ChessBase"]
[SourceDate "2023.10.10"]
[SourceVersion "1"]
[SourceVersionDate "2023.10.10"]
[SourceQuality "1"]

1. e4 e5 2. Nf3 Nc6 3. Bc4 Bc5 4. c3 Nf6 5. d3 h6 6. Nbd2 d6 7. Nf1 Be6 8. Bb3 Qd7 9. Be3 Bb6 10. Bxb6 axb6 11. Ne3 Rd8 12. 0-0 d5 13. exd5 Nxd5 14. Nxd5 Bxd5 15. Nxe5 Nxe5 16. Re1 f6 17. d4 Qe6 18. dxe5 fxe5 19. Qh5+ g6 20. Qxe5 Qxe5 21. Rxe5+ Kf8 22. Rxd5 Kg7 23. Rxd8 Rxd8 24. Rd1 Re8 25. Kf1 1-0